Formato MARC21

Signatura BDML-MML-Ms-M000778
Número de control M000778
Registro MARC21
Flor de Fango
=001 M000778
=003 BDML
=005 20042026203644
=008 200426||||||||||||||||||||||||||||||||||
=031 ##$a1$b1$c1$gG-2$mOtro$nxFC$o3/4$p8-''F'''4D8DC/C4D''2B/8-GxEFAG/$2pe
=040 ##$aBDML$bspa$cBDML
=092 ##$aBDML$bBDML$cEC$dMs$0M000778
=100 1#$aHidalgo Navarro, Antonio de Jesús$d1873-1953$jCertificada
=245 10$aFlor de Fango$cAntonio de J. Hidalgo.$h[música manuscrita]
=300 ##$a1 folio.$c26 x 33 cm
=340 ##$dManuscrito
=348 ##$aGuión
=384 0#$aRe mayor
=500 ##$aDatos tomados de portada y encabezado de música.
=500 ##$aEsta obra fue realizada con lápiz de grafito.
=500 ##$aEn la esquina superior derecha del folio se encuentra escrito con lápiz de grafito el siguiente texto: ¨Antonio de J. Hidalgo¨.
=545 0#$aAntonio de Jesús Hidalgo Navarro (1873-1953) fue un eminente compositor, pianista, organista y profesor de música, nacido el 2 de enero de 1873 en la ciudad de Loja. Fue hijo del arquitecto lojano Juan Manuel Hidalgo Pineda y de doña Carmen Navarro del Castillo. Desde su infancia, mostró una pasión innata por el arte musical, que cultivó con estudios profundos en Quito y Lima, permitiéndole absorber influencias de maestros como Mozart y Beethoven, y regresar para fundar la Escuela de Música local y dirigir el Conservatorio$uhttps://dspace.unl.edu.ec/server/api/core/bitstreams/c2d12a33-9e1a-4ef4-8cd5-9360a82b4adb/content
=650 04$aPasillos$ySiglo XX$zEcuador, Loja
=773 1#$aHidalgo Navarro, Antonio de Jesús (1873-1953)$tFlor de Fango$wM000489
=852 ##$aMuseo de la Música Salvador Zaragocín Tapia$hAnexo 15